Miguel Ángel (Record no. 55981)
[ view plain ]
| 000 -LEADER | |
|---|---|
| campo de control de longitud fija | 01136nam a2200253 i 4500 |
| 001 - NÚMERO DE CONTROL | |
| campo de control | 55981 |
| 003 - IDENTIFICADOR DE NÚMERO DE CONTROL | |
| campo de control | ES-MaACL |
| 005 - FECHA Y HORA DE LA ÚLTIMA TRANSACCIÓN | |
| campo de control | 20250729020314.0 |
| 007 - CAMPO FIJO DE DESCRIPCIÓN FÍSICA--INFORMACIÓN GENERAL | |
| campo de control de longitud fija | t| |
| 008 - DATOS DE LONGITUD FIJA--INFORMACIÓN GENERAL | |
| campo de control de longitud fija | 031001s1945 sp f c |||| |dspa d |
| 080 ## - NÚMERO DE LA CLASIFICACIÓN DECIMAL UNIVERSAL | |
| Número de la Clasificación Decimal Universal | 7 Michelangelo |
| 100 1# - ENTRADA PRINCIPAL--NOMBRE DE PERSONA | |
| Nombre de persona | Díaz López, Gonzalo. |
| 9 (RLIN) | 44330 |
| 245 10 - MENCIÓN DEL TÍTULO | |
| Título | Miguel Ángel |
| Resto del título | : su personalidad artística y catálogo de las reproducciones de su obras existentes en el Museo / |
| Mención de responsabilidad, etc. | por Gonzalo Díaz López. |
| 246 34 - FORMA VARIANTE DEL TITULO | |
| Título propio/Titulo breve | Miguel Ángel en el Museo de Reproducciones Artísticas |
| 260 ## - PUBLICACIÓN, DISTRIBUCIÓN, ETC. | |
| Lugar de publicación, distribución, etc. | Madrid : |
| Nombre del editor, distribuidor, etc. | [Cuerpo Facultativo de Archiveros, Bibliotecarios y Arqueólogos], |
| Fecha de publicación, distribución, etc. | 1945 ( |
| Fabricante | Imp. Góngora) |
| 300 ## - DESCRIPCIÓN FÍSICA | |
| Extensión | 69 p., 12 h. de lám. ; |
| Dimensiones | 18 cm. |
| 504 ## - NOTA DE BIBLIOGRAFÍA, ETC. | |
| Nota de bibliografía, etc. | Bibliografía: p. [59]-69. |
| 594 ## - Nota al título y mención de responsabilidad | |
| Nota al título y mención de responsabilidad | Precede al tít.: Museo de Reproducciones Artísticas. Cuerpo Facultativo de Archiveros, Bibliotecarios y Arqueólogos. |
| 600 04 - PUNTO DE ACCESO ADICIONAL DE MATERIA--NOMBRE DE PERSONA | |
| Nombre de persona | Michelangelo, |
| Fechas asociadas al nombre | 1475-1564 |
| 9 (RLIN) | 80912 |
| 710 2# - ENTRADA AGREGADA--NOMBRE DE ENTIDAD CORPORATIVA | |
| Nombre de entidad corporativa o nombre de jurisdicción como elemento de entrada | Cuerpo Facultativo de Archiveros, Bibliotecarios y Arqueólogos |
| 9 (RLIN) | 3354 |
| 710 2# - ENTRADA AGREGADA--NOMBRE DE ENTIDAD CORPORATIVA | |
| Nombre de entidad corporativa o nombre de jurisdicción como elemento de entrada | Museo Nacional de Reproducciones Artísticas (España) |
| 9 (RLIN) | 151574 |
| 852 ## - LOCALIZACIÓN | |
| Ubicación | ES-MaACL |
| Número de control de estantería | 1836-F-18 |
| Estatus retirado | Estado de pérdida | Estado de daño | No para préstamo | Colección | Biblioteca de origen | Biblioteca actual | Ubicación en estantería | Fecha de adquisición | Fuente de adquisición | Total de préstamos | Signatura topográfica completa | Código de barras | Visto por última vez | Precio de reemplazo | Tipo de ítem Koha |
|---|---|---|---|---|---|---|---|---|---|---|---|---|---|---|---|
| Colección de folletos | Biblioteca del Ateneo de Madrid | Biblioteca del Ateneo de Madrid | Depósito folletos | 17/01/2008 | 1836-F-18 | 1058803 | 23/02/2023 | 23/02/2023 | Folleto |
